Normal view
MARC view
Entry Personal Name
001 - CONTROL NUMBER
- control field: 9590
003 - CONTROL NUMBER IDENTIFIER
- control field: BD-RjUL
005 - DATE AND TIME OF LATEST TRANSACTION
- control field: 20231016154026.0
008 - FIXED-LENGTH DATA ELEMENTS
- fixed length control field: 231016|| aca||aabn | a|a d
040 ## - CATALOGING SOURCE
- Original cataloging agency: BD-RjUL
- Transcribing agency: BD-RjUL
100 ## - HEADING--PERSONAL NAME
- Personal name: Akbar, Md. Ali, Supervisor
670 ## - SOURCE DATA FOUND
- Source citation: Work cat.: (BD-RjUL)82130: Khan, Md. Ashrafuzzaman 7126, Solitary wave solutions of NLEEs in plasma physics and Engineering /, 2015